| 000 | 00514nam a22001697a 4500 | ||
|---|---|---|---|
| 005 | 20240307070920.0 | ||
| 008 | 240307b |||||||| |||| 00| 0 eng d | ||
| 022 | _a02577747 | ||
| 041 | _aAfrikaans / English | ||
| 082 | _a349 TYD | ||
| 100 | _lAfrikaans / English | ||
| 245 |
_aTydskrif vir die Suid_Afrikaanse Reg / _cJC Sonnekus |
||
| 260 |
_aKaapstad : _bJuta en Kie Bpk, _c1986 |
||
| 300 |
_b78 blaadsye ; _c25 cm. |
||
| 650 |
_aLegal practice _bLaw |
||
| 942 |
_cBK _6ALISON_BN_VRIES |
||
| 999 |
_c1414 _d1414 |
||